Logo des grandes entreprises de Bretagne - Statistiques

Statistiques générales
  • Ce quiz a été pris 40 fois
  • Le résultat moyen est 4 sur 13
Statistiques - réponses
Par images Hint Réponse % Correct
Jeux-vidéos Ubisoft
81%
Cosmétique Yves Rocher
81%
Intérim Groupe Samsic
51%
Viandes Bigard
49%
Banque Crédit Mutuel Arkea
27%
Matériel de BTP Loxam
27%
Immobilier Groupe Giboire
19%
Boulangerie industrielle Bridor
8%
Logistique Groupe Bolloré
5%
Immobilier Groupe Lamotte
5%
Immobilier Groupe Legendre
5%
Énergie Armorine
3%
Transport maritime Brittany Ferries
3%
Aucun quiz correspondant
Distribution des résultats
% des personnes avec chaque résultat
Percentile par nombre de réponses
Votre historique - résultats
Vous n’avez pas pris ce quiz